• 首页
  • 本馆介绍
  • 公告通知
  • 最新文献
  • 馆藏检索
  • 电子资源
  • 读者导购
  • 参考咨询
  • 我的图书馆
  • 登录
  • 详细信息显示
  • 放入我的书架
  • 预约/预借图书
  • 作者相关作品
  • 分类相关作品
  • 丛书相关作品
  • 出版社相关作品

书目信息

  • 表格格式
  • 工作单格式
  • 卡片格式
题名:
快速提高你的记忆能力
    
 
作者: 曹青松 著
分册:  
出版信息: 南宁   广西民族出版社  2002.11
页数: 216页
开本: 20cm
丛书名: BOOM!膨胀你的能力
单 册:
中图分类: B842.3
科图分类:
主题词: CT--S036657--记忆术
电子资源:
ISBN: 7-5363-4248-9
000 00875oam2 2200277 45
001 002202300
005 20060915090432.64
009 002202300
010    @a7-5363-4248-9@dCNY12.00
035    @a002202300
100    @a20021203d2002 em y0chiy0110 ea
101 0  @achi
102    @aCN@b450000
105    @aa z 000yy
200 1  @a快速提高你的记忆能力@Akuai su ti gao ni de ji yi neng li@f曹青松著
210    @a南宁@c广西民族出版社@d2002.11
215    @a216页@c图@d20cm
225 2  @aBOOM!膨胀你的能力
330    @a本书以理论与实例相结合的方式,从记忆的基础知识入手,系统阐述了记忆的特点及其规律,并提出了多种记忆的有效方法。
461  0 @1001002213832@12001 @aBOOM!膨胀你的能力
606    @2CT@3S036657@a记忆术
690    @aB842.3@v4
701  0 @a曹青松@Acao qing song@4著
801  0 @aCN@bNLC@c20060915
905    @aBZT@dB842.3@e115
906    @dCNY12.00@n0@r1
    
    快速提高你的记忆能力/曹青松著.-南宁:广西民族出版社,2002.11
    216页:图;20cm.-(BOOM!膨胀你的能力)
    
    
    ISBN 7-5363-4248-9:CNY12.00
    本书以理论与实例相结合的方式,从记忆的基础知识入手,系统阐述了记忆的特点及其规律,并提出了多种记忆的有效方法。
●
相关链接 在五车中查询图书 在当当中查询图书 在豆瓣中查询图书


正题名:快速提高你的记忆能力     索取号:B842.3/115         预约/预借

序号 登录号 条形码 馆藏地/架位号 状态 备注
1 398416   210278545   中心书库南/004架B面2层4列/ [索取号:B842.3/115] 在馆    
2 398417   210278536   中心书库南/004架B面2层4列/ [索取号:B842.3/115] 在馆    
3 398418   210278527   中心书库南/004架B面2层4列/ [索取号:B842.3/115] 在馆    
4 398419   210278518   中心书库南/004架B面2层4列/ [索取号:B842.3/115] 在馆    
5 398420   210278509   中心书库南/004架B面2层4列/ [索取号:B842.3/115] 在馆    
6 398421   210278493   中心书库南/004架B面2层4列/ [索取号:B842.3/115] 在馆    
7 398422   210278484   中心书库南/004架B面2层4列/ [索取号:B842.3/115] 在馆    
8 398423   210278475   中心书库南/004架B面2层4列/ [索取号:B842.3/115] 在馆    
9 398424   210278466   中心书库南/004架B面2层4列/ [索取号:B842.3/115] 在馆    
10 398425   210278457   中心书库南/004架B面2层4列/ [索取号:B842.3/115] 在馆    
11 458133   230014278   中心书库南/004架B面2层4列/ [索取号:B842.3/115] 在馆    
12 458134   230014277   中心书库南/004架B面2层4列/ [索取号:B842.3/115] 在馆    
13 458135   230014276   中心书库南/004架B面2层4列/ [索取号:B842.3/115] 在馆    
14 458136   230014275   中心书库南/004架B面2层4列/ [索取号:B842.3/115] 在馆    
15 458137   230014274   中心书库南/004架B面2层4列/ [索取号:B842.3/115] 在馆    
山东省滨州职业学院图书馆 欢迎您!
大连网信软件有限公司© 版权所有